Music Quiz

Random Music or Album Quiz

Songs on Purple Rain Quiz Stats

 Plays Quiz Updated Mar 27, 2020

     
Support Sporcle.
Go Orange.
Score 0/9 Timer 03:00
0 Plays Today
Side % Correct
Side 2Purple Rain
98.9%
Side 2When Doves Cry
83.7%
Side 1Let's Go Crazy
74.8%
Side 1Darling Nikki
70.6%
Side 2I Would Die 4 U
61.3%
Side 1Computer Blue
53.9%
Side 1Take Me with U
47.1%
Side 2Baby I'm a Star
46.2%
Side 1The Beautiful Ones
43.7%

From the Vault

Harrison Ford Needs a Job

by zalkon2004

Movies 7m
You'd think a guy who's been Han Solo, Deckard, and Indiana Jones would be able to find a job pretty easily.
Remove Ads.
Support Sporcle.
Get the best of Sporcle when you Go Orange. This ad-free experience offers more features, more stats, and more fun while also helping to support Sporcle. Thank you for becoming a member.

Show Comments

Extras

Top Quizzes Today


Score Distribution

Your Account Isn't Verified!

In order to create a playlist on Sporcle, you need to verify the email address you used during registration. Go to your Sporcle Settings to finish the process.

Report this User

Report this user for behavior that violates our Community Guidelines.

Details: